Labour - Paris Paloma Lyrics - Statistics

General Stats
  • This quiz has been taken 730 times
  • The average score is 373 of 490
Answer Stats
Answer % Correct
a
99%
I
97%
(I
97%
To
97%
to
97%
you
97%
You
97%
(you
97%
the
96%
The
96%
(the
96%
so
95%
So
95%
an
94%
do
94%
he
94%
He
94%
labour
94%
labour)
94%
me
94%
(me
94%
If
93%
if
93%
(if
93%
make
93%
make)
93%
then
93%
love
92%
that
92%
of
91%
Who
91%
day
90%
much
90%
All
89%
every
89%
not
89%
too
89%
are
87%
(are
87%
be
87%
her
87%
it,
87%
mother
87%
my
86%
(my
86%
never
86%
can
84%
baby
83%
maid
83%
would
83%
(would
83%
At
82%
machine
82%
machine)
82%
24
81%
live
81%
Live
81%
thing?
81%
thing)
81%
thing?)
81%
7
80%
finger
80%
in
80%
it's
80%
It's
80%
our
80%
therapist
80%
Therapist
80%
virgin
80%
worst
80%
was
79%
eyes
78%
eyes)
78%
on
77%
on)
77%
what
77%
And
76%
and
76%
(and
76%
died,
76%
died)
76%
lifts
76%
act
75%
his
75%
His
75%
is
74%
out
74%
servant
74%
dreams
73%
lot
73%
nurse
73%
Nurse
73%
nymph
73%
Nymph
73%
this
73%
(this
73%
whole
73%
your
73%
daughter
72%
Why
72%
For
72%
(for
72%
go
72%
bad
71%
bursting
71%
bursting)
71%
Just
71%
we
71%
fence
70%
him
70%
attend
69%
from?
69%
from
69%
had
69%
thought
69%
Somebody
68%
somebody
68%
somebody)
68%
I'm
65%
torture
65%
torture,
65%
could
64%
Emotional
64%
emotional
64%
hands
64%
table
64%
save
63%
escape
62%
capillaries
61%
plan
61%
plan)
61%
silence
61%
silence)
61%
sure
61%
tight
61%
crackin')
60%
picket
60%
ends,
59%
ends)
59%
hanging
59%
head
59%
high
59%
saviour
59%
saviour)
59%
tired
59%
I'd
58%
watch
58%
chamber
57%
chamber)
57%
fucking
57%
up
57%
getting
56%
gotta
56%
I've
56%
skin
56%
try
55%
appendage
54%
run
54%
cracking
53%
least
53%
bed
52%
mistake
52%
now
52%
water
52%
Off
51%
same
51%
back
50%
Carefully
50%
fixes
50%
She'd
50%
she'd
50%
man
49%
man)
49%
you're
49%
again
48%
below
48%
mountain
48%
undo
48%
cruel
47%
down
47%
timed
47%
waves
47%
Apologies
46%
fetches
46%
haunts
46%
(haunts
46%
rope
46%
taught
46%
fate
45%
into
45%
know
45%
tends
45%
island
44%
rocky
43%
sharp
43%
spring?
43%
tongue,
43%
under
43%
yours
43%
dive
42%
feel
42%
let
42%
smart
42%
calloused
41%
meet
41%
sting
41%
walk
41%
gables?
40%
words
40%
orchards?
38%
their
38%
with
37%
false
36%
incompetence
34%
weaponise
34%
dominance
33%
ended,
33%
Busy
32%
fork
32%
stabbing
31%
guise
30%
cup
28%
flowing
28%
lapping
28%
No matching quizzes found
Score Distribution
Percent of People with Each Score
Percentile by Number Answered
Your Score History
You have not taken this quiz